[Event "HUN-chT2 Breyer 1617"]
[Site "Hungary"]
[Date "2016.11.13"]
[Round "2.6"]
[White "Mervo, Jozsef"]
[Black "Domany, Zsofia"]
[Result "1-0"]
[WhiteElo "2050"]
[BlackElo "2159"]
[PlyCount "107"]
[EventDate "2016.10.30"]
[EventType "team-tourn"]
[EventRounds "9"]
[EventCountry "HUN"]
[SourceTitle "EXT 2021"]
[Source "ChessBase"]
[SourceDate "2020.10.23"]
[SourceVersion "1"]
[SourceVersionDate "2020.10.23"]
[SourceQuality "1"]
[WhiteTeam "Paty"]
[BlackTeam "Kisber Aszar"]
[WhiteTeamCountry "HUN"]
[BlackTeamCountry "HUN"]

1. d4 d5 2. c4 e6 3. cxd5 exd5 4. Nc3 Nf6 5. Bg5 Be7 6. e3 0-0 7. Bd3 b6 8. Qc2 h6 9. Bh4 Re8 10. Nf3 c5 11. Ne5 cxd4 12. exd4 Ng4 13. Bh7+ Kf8 14. Bg3 Nxe5 15. dxe5 Nc6 16. 0-0 Bc5 17. Rad1 Nb4 18. Qc1 d4 19. Be4 Ba6 20. a3 Bxf1 21. Kxf1 Na6 22. Nb5 Qd7 23. Bd3 Rac8 24. Qf4 Re6 25. b4 Be7 26. Nxd4 Bg5 27. Nxe6+ Qxe6 28. Qf5 Qxf5 29. Bxf5 Rc1 30. Bg4 Nc7 31. f4 Rxd1+ 32. Bxd1 Be7 33. Be1 f6 34. exf6 Bxf6 35. g3 Ke7 36. a4 Nd5 37. Bb3 Nc3 38. Kf2 Kd6 39. Kf3 a6 40. g4 g6 41. h4 Ke7 42. Bf2 b5 43. g5 hxg5 44. hxg5 Bg7 45. Bc5+ Ke8 46. axb5 Nxb5 47. Bc4 Bc3 48. Ke4 Bd2 49. f5 gxf5+ 50. Kxf5 Bc3 51. Bxb5+ axb5 52. Ke6 Bd2 53. g6 Bc3 54. Bd6 1-0

[Event "SVK-chT2A 1516"]
[Site "Slovakia"]
[Date "2015.11.07"]
[Round "3.2"]
[White "Domany, Zsofia"]
[Black "Jozefek, Michal"]
[Result "0-1"]
[WhiteElo "2146"]
[BlackElo "2229"]
[PlyCount "106"]
[EventDate "2015.10.17"]
[EventType "team-tourn"]
[EventRounds "11"]
[EventCountry "SVK"]
[SourceTitle "CBM 169 Extra"]
[Source "ChessBase"]
[SourceDate "2015.12.18"]
[SourceVersion "1"]
[SourceVersionDate "2015.12.18"]
[SourceQuality "1"]
[WhiteTeam "Velky Meder"]
[BlackTeam "Osuske II"]
[WhiteTeamCountry "SVK"]
[BlackTeamCountry "SVK"]

1. e4 c5 2. Nf3 d6 3. d4 cxd4 4. Nxd4 Nf6 5. Nc3 Nc6 6. Bg5 e6 7. Qd2 a6 8. 0-0-0 Bd7 9. f3 b5 10. Kb1 Be7 11. h4 h6 12. Be3 h5 13. Bd3 Ne5 14. Qf2 b4 15. Nce2 a5 16. Nc1 Qc7 17. Qe2 a4 18. f4 Neg4 19. Nb5 Qa5 20. Bd2 Rb8 21. c4 Bxb5 22. cxb5 0-0 23. Rhf1 d5 24. e5 Nd7 25. Qe1 Nc5 26. Be2 Ne4 27. Bd3 Nxd2+ 28. Qxd2 g6 29. g3 a3 30. Nb3 Qa7 31. Rf3 Rfc8 32. Rc1 Rxc1+ 33. Qxc1 Nh2 34. Re3 axb2 35. Kxb2 Rb7 36. Re2 Ng4 37. Rc2 Ne3 38. Rc8+ Kg7 39. Kb1 Nf5 40. Qe1 Qa4 41. Rc2 Rxb5 42. Bxb5 Qxb5 43. Nc1 Bc5 44. Rb2 Ne3 45. Qe2 Nc4 46. Nb3 Qb6 47. Nxc5 Qxc5 48. Rb3 Na3+ 49. Rxa3 bxa3 50. Qd3 Qb4+ 51. Qb3 Qxb3+ 52. axb3 d4 53. b4 d3 0-1

[Event "SVK-chT2B 1415"]
[Site "Slovakia"]
[Date "2014.10.11"]
[Round "1.6"]
[White "Kovac, Lubomir2"]
[Black "Domany, Zsofia"]
[Result "1/2-1/2"]
[WhiteElo "2127"]
[BlackElo "2175"]
[PlyCount "98"]
[EventDate "2014.10.11"]
[EventType "team-tourn"]
[EventRounds "11"]
[EventCountry "SVK"]
[SourceTitle "EXT 2019"]
[Source "ChessBase"]
[SourceDate "2018.10.10"]
[SourceVersion "1"]
[SourceVersionDate "2018.10.10"]
[SourceQuality "1"]
[WhiteTeam "Sala Slovan Duslo"]
[BlackTeam "Batorove Kosihy"]
[WhiteTeamCountry "SVK"]
[BlackTeamCountry "SVK"]

1. d4 d5 2. c4 c6 3. Nc3 Nf6 4. Nf3 e6 5. Bg5 h6 6. Bxf6 Qxf6 7. e3 Nd7 8. Rc1 g6 9. Bd3 Bg7 10. 0-0 0-0 11. Qe2 Qe7 12. e4 dxe4 13. Nxe4 e5 14. Nc3 Qd6 15. c5 Qc7 16. dxe5 Nxe5 17. Nxe5 Qxe5 18. Qxe5 Bxe5 19. b4 Be6 20. a3 Rad8 21. Be4 Rfe8 22. Nb1 Bb3 23. Bc2 Ba2 24. Rcd1 Bb2 25. a4 Rxd1 26. Rxd1 Bd4 27. h3 Bxb1 28. Bxb1 Bc3 29. b5 Bb4 30. bxc6 bxc6 31. Ba2 Re2 32. Bc4 Rc2 33. Bb3 Rb2 34. Rd3 Bxc5 35. Rf3 Bxf2+ 36. Kf1 Bd4 37. Bxf7+ Kh7 38. Bc4 Rb4 39. Bb3 Bg7 40. Bc2 Rb2 41. Be4 c5 42. Rg3 Rb6 43. Bd3 a5 44. Rg4 Bd4 45. Bb5 Kg7 46. Rf4 Re6 47. Bc4 Re7 48. Rf3 Rb7 49. Rb3 Rxb3 1/2-1/2

[Event "SVK-chT2B 1314"]
[Site "Slovakia"]
[Date "2013.10.20"]
[Round "2.2"]
[White "Domany, Zsofia"]
[Black "Dobrotka, Martin"]
[Result "1/2-1/2"]
[WhiteElo "2177"]
[BlackElo "2218"]
[PlyCount "54"]
[EventDate "2013.10.19"]
[EventType "team-tourn"]
[EventRounds "11"]
[EventCountry "SVK"]
[SourceTitle "EXT 2015"]
[Source "ChessBase"]
[SourceDate "2014.11.20"]
[SourceVersion "1"]
[SourceVersionDate "2014.11.20"]
[SourceQuality "1"]
[WhiteTeam "Batorove Kosihy"]
[BlackTeam "Nitra ASK"]
[WhiteTeamCountry "SVK"]
[BlackTeamCountry "SVK"]

1. e4 c5 2. Nf3 Nc6 3. d4 cxd4 4. Nxd4 e5 5. Nb5 a6 6. Nd6+ Bxd6 7. Qxd6 Qe7 8. Qxe7+ Ngxe7 9. Bc4 b5 10. Bb3 Nd4 11. Be3 Nxb3 12. axb3 Bb7 13. f3 d5 14. exd5 Nxd5 15. Bc5 Rc8 16. b4 Nf4 17. 0-0 Ne6 18. Bd6 f6 19. Na3 Kf7 20. Rad1 Rhd8 21. c3 Ke8 22. Rf2 Rd7 23. Rfd2 Rcd8 24. Nb1 Ng5 25. Kf2 Nf7 26. Bc5 Rxd2+ 27. Rxd2 Rxd2+ 1/2-1/2

[Event "SVK-chT2B 1314"]
[Site "Slovakia"]
[Date "2013.10.19"]
[Round "1.2"]
[White "Dlhy, Jozef"]
[Black "Domany, Zsofia"]
[Result "1/2-1/2"]
[WhiteElo "2057"]
[BlackElo "2177"]
[PlyCount "119"]
[EventDate "2013.10.19"]
[EventType "team-tourn"]
[EventRounds "11"]
[EventCountry "SVK"]
[SourceTitle "EXT 2015"]
[Source "ChessBase"]
[SourceDate "2014.11.20"]
[SourceVersion "1"]
[SourceVersionDate "2014.11.20"]
[SourceQuality "1"]
[WhiteTeam "Nitra NSK II"]
[BlackTeam "Batorove Kosihy"]
[WhiteTeamCountry "SVK"]
[BlackTeamCountry "SVK"]

1. d4 d5 2. Nf3 Nf6 3. Bg5 e6 4. e3 Be7 5. Nbd2 Nbd7 6. Bd3 0-0 7. 0-0 c5 8. c3 b6 9. e4 dxe4 10. Nxe4 Bb7 11. Nxf6+ Bxf6 12. Be3 cxd4 13. Nxd4 Ne5 14. Be2 Qd5 15. Nf3 Qe4 16. Qb1 Nxf3+ 17. Bxf3 Qxb1 18. Raxb1 Bxf3 19. gxf3 Rfd8 20. Rfd1 Rxd1+ 21. Rxd1 Rd8 22. Rxd8+ Bxd8 23. c4 Be7 24. a3 Kf8 25. b4 Ke8 26. Kf1 Kd7 27. Ke2 Bd6 28. f4 Kc6 29. b5+ Kc7 30. a4 Bb4 31. f3 Kd6 32. Kd3 Bc5 33. Bd2 Bg1 34. Bb4+ Bc5 35. Bd2 f6 36. Bc3 Ba3 37. Bd2 Kc5 38. a5 bxa5 39. Be3+ Kd6 40. Bxa7 a4 41. Bd4 Bc1 42. Kc3 Bxf4 43. Kb4 Bxh2 44. Kxa4 Kc7 45. c5 e5 46. Bf2 f5 47. Kb4 g5 48. Kc4 g4 49. fxg4 fxg4 50. Kd5 g3 51. Be3 g2 52. b6+ Kc8 53. c6 g1Q 54. b7+ Kc7 55. Bxg1 Bxg1 56. Kxe5 Bh2+ 57. Kf5 Kxc6 58. Kg5 Kxb7 59. Kh6 Bf4+ 60. Kxh7 1/2-1/2

[Event "Senta op-A 17th"]
[Site "Senta"]
[Date "2013.07.14"]
[Round "3"]
[White "Domany, Zsofia"]
[Black "Radusinovic, Lazar"]
[Result "0-1"]
[WhiteElo "2158"]
[BlackElo "2310"]
[PlyCount "108"]
[EventDate "2013.07.13"]
[EventType "swiss"]
[EventRounds "9"]
[EventCountry "SRB"]
[SourceTitle "EXT 2014"]
[Source "ChessBase"]
[SourceDate "2013.11.20"]
[SourceVersion "1"]
[SourceVersionDate "2013.11.20"]
[SourceQuality "1"]

1. e4 c5 2. Nc3 Nc6 3. Nge2 d6 4. d4 cxd4 5. Nxd4 e5 6. Nf3 Be7 7. Bc4 Nf6 8. h3 h6 9. Be3 0-0 10. 0-0 Na5 11. Bb3 Be6 12. Qd3 a6 13. Nd5 Nxb3 14. Bb6 Qd7 15. Nxf6+ Bxf6 16. axb3 Qc6 17. Ba5 d5 18. Nd2 Rfc8 19. exd5 Bxd5 20. f3 Be6 21. Bc3 Bg5 22. Ne4 Bf5 23. Rad1 Bf4 24. Qe2 Rd8 25. g3 Rxd1 26. Qxd1 Be3+ 27. Kh2 Bxe4 28. fxe4 Qxe4 29. Re1 f5 30. Qd3 Qxd3 31. cxd3 Bd4 32. Bxd4 exd4 33. Re7 b5 34. Rd7 Rc8 35. Rxd4 Rc2+ 36. Kg1 Rxb2 37. b4 Ra2 38. Rd7 Kh7 39. Rd6 Kg8 40. Rd7 Ra4 41. Ra7 Rxb4 42. Rxa6 Rd4 43. Ra3 b4 44. Rb3 f4 45. gxf4 Rxf4 46. Kg2 Kf7 47. Kg3 g5 48. Rb1 Ke6 49. Ra1 Kd5 50. Ra6 Rh4 51. Rb6 Kc5 52. Rb8 Rd4 53. Rc8+ Kb5 54. Rh8 Rxd3+ 0-1

[Event "HUN-chT 1112"]
[Site "Hungary"]
[Date "2012.04.22"]
[Round "9"]
[White "Domany, Zsofia"]
[Black "Jamrich, Gyorgy"]
[Result "1-0"]
[WhiteElo "2215"]
[BlackElo "2311"]
[PlyCount "125"]
[EventDate "2011.09.25"]
[EventType "team-tourn"]
[EventRounds "11"]
[EventCountry "HUN"]
[SourceTitle "EXT 2013"]
[Source "ChessBase"]
[SourceDate "2012.11.22"]
[SourceVersion "1"]
[SourceVersionDate "2012.11.22"]
[SourceQuality "1"]
[WhiteTeam "Mako"]
[BlackTeam "Tatai Honved"]
[WhiteTeamCountry "HUN"]
[BlackTeamCountry "HUN"]

1. e4 c5 2. Nf3 Nc6 3. d4 cxd4 4. Nxd4 e5 5. Nb5 d6 6. N1c3 a6 7. Na3 b5 8. Nd5 Nge7 9. c4 Nxd5 10. exd5 Nd4 11. cxb5 Be7 12. Bc4 0-0 13. 0-0 axb5 14. Nxb5 Ba6 15. Qd3 Rc8 16. Na3 Bxc4 17. Nxc4 Bf6 18. Ne3 Re8 19. Bd2 e4 20. Qa6 Be5 21. Ng4 Rc2 22. Rad1 Rxb2 23. Kh1 Rc2 24. Qa4 Qa8 25. Qxa8 Rxa8 26. Be3 Rc4 27. Rd2 Kf8 28. Rfd1 Raa4 29. h3 Ke7 30. Rb2 Rab4 31. Rxb4 Rxb4 32. Bd2 Rc4 33. Ne3 Ra4 34. Bc3 g6 35. Rd2 f5 36. Rb2 Ra7 37. Nc4 Rc7 38. Nxe5 dxe5 39. Bb4+ Kd7 40. Kh2 f4 41. Bf8 Nf5 42. a4 e3 43. fxe3 Nxe3 44. Bg7 Nxd5 45. Bxe5 Ra7 46. Rd2 Ke6 47. Re2 Kf5 48. Bd4 Re7 49. Rxe7 Nxe7 50. a5 Nc6 51. a6 g5 52. a7 Nxa7 53. Bxa7 h5 54. Kg1 g4 55. h4 g3 56. Kf1 Kg4 57. Ke2 f3+ 58. gxf3+ Kxh4 59. Kf1 Kh3 60. Kg1 h4 61. Bb8 g2 62. f4 Kg3 63. f5+ 1-0

[Event "HUN-ch (Women)"]
[Site "Szeged"]
[Date "2011.10.05"]
[Round "9"]
[White "Domany, Zsofia"]
[Black "Goczo, Melinda"]
[Result "0-1"]
[WhiteElo "2215"]
[BlackElo "2204"]
[PlyCount "86"]
[EventDate "2011.09.27"]
[EventType "tourn"]
[EventRounds "9"]
[EventCountry "HUN"]
[EventCategory "1"]
[SourceTitle "CBM 144 Extra"]
[Source "ChessBase"]
[SourceDate "2011.10.28"]
[SourceVersion "1"]
[SourceVersionDate "2011.10.28"]
[SourceQuality "1"]

1. e4 e6 2. d4 d5 3. Nc3 Bb4 4. exd5 exd5 5. Bd3 Ne7 6. Qh5 Nbc6 7. a3 Bxc3+ 8. bxc3 Be6 9. Nf3 Qd7 10. Ng5 g6 11. Qe2 Bf5 12. Rb1 b6 13. 0-0 h6 14. Nf3 Bxd3 15. cxd3 0-0-0 16. Bf4 f6 17. a4 g5 18. Be3 Nf5 19. Nd2 h5 20. Nb3 a5 21. Qb2 Rde8 22. Rfe1 Nh4 23. f3 Qf5 24. Rbd1 Rhg8 25. Qf2 Ng6 26. Re2 Re7 27. Nc1 Rge8 28. Rde1 Kb7 29. Bd2 Nf4 30. Rxe7 Rxe7 31. Rxe7 Nxe7 32. Qe3 Qd7 33. Qe1 Neg6 34. Qd1 Qf5 35. Be3 Nh4 36. Bxf4 Qxf4 37. Qe1 Nf5 38. Nb3 Qe3+ 39. Qxe3 Nxe3 40. Nc1 Nd1 41. c4 Kc6 42. f4 Nb2 43. Ne2 Nxd3 0-1

[Event "HUN-chT 1112"]
[Site "Hungary"]
[Date "2011.09.25"]
[Round "1"]
[White "Antal, Tibor Kende"]
[Black "Domany, Zsofia"]
[Result "1-0"]
[WhiteElo "2286"]
[BlackElo "2215"]
[PlyCount "69"]
[EventDate "2011.09.25"]
[EventType "team-tourn"]
[EventRounds "11"]
[EventCountry "HUN"]
[SourceTitle "CBM 144 Extra"]
[Source "ChessBase"]
[SourceDate "2011.10.28"]
[SourceVersion "1"]
[SourceVersionDate "2011.10.28"]
[SourceQuality "1"]
[WhiteTeam "Paks"]
[BlackTeam "Mako"]
[WhiteTeamCountry "HUN"]
[BlackTeamCountry "HUN"]

1. e4 c5 2. Nf3 Nc6 3. d4 cxd4 4. Nxd4 Nf6 5. Nc3 e6 6. Ndb5 Bb4 7. a3 Bxc3+ 8. Nxc3 d5 9. exd5 exd5 10. Bd3 0-0 11. 0-0 d4 12. Ne2 Qb6 13. Re1 Bd7 14. b4 Rfe8 15. Bb2 Ng4 16. h3 Nge5 17. Nxd4 Bxh3 18. Nxc6 Bg4 19. Qd2 Nxd3 20. Ne7+ Rxe7 21. Rxe7 Nxb2 22. Rae1 Rf8 23. Qc3 Nd1 24. Qc5 Qxc5 25. bxc5 Nc3 26. Rxb7 a6 27. c6 h5 28. Re5 g6 29. c7 Bc8 30. Rb8 Nb5 31. Rd5 Nxc7 32. Rc5 Bd7 33. Rxf8+ Kxf8 34. Rxc7 Ke7 35. Ra7 1-0

[Event "Pancevo IM (Women)"]
[Site "Pancevo"]
[Date "2011.09.18"]
[Round "10"]
[White "Domany, Zsofia"]
[Black "Milanovic, Maja"]
[Result "1-0"]
[WhiteElo "2215"]
[BlackElo "1851"]
[PlyCount "39"]
[EventDate "2011.09.09"]
[EventType "tourn"]
[EventRounds "10"]
[EventCountry "SRB"]
[SourceTitle "CBM 144 Extra"]
[Source "ChessBase"]
[SourceDate "2011.10.28"]
[SourceVersion "1"]
[SourceVersionDate "2011.10.28"]
[SourceQuality "1"]

1. e4 c5 2. Nf3 e6 3. d4 cxd4 4. Nxd4 a6 5. Nc3 Qc7 6. Be2 Nf6 7. 0-0 b5 8. e5 Qxe5 9. Bf3 d5 10. Re1 Qd6 11. Nf5 Qd8 12. Nxd5 Nxd5 13. Bxd5 Ra7 14. Qd4 Re7 15. Nxg7+ Bxg7 16. Qxg7 Rf8 17. Bh6 exd5 18. Qxf8+ Kd7 19. Qxd8+ Kxd8 20. Bg5 1-0

[Event "Pancevo IM (Women)"]
[Site "Pancevo"]
[Date "2011.09.15"]
[Round "7"]
[White "Tomin, Ksenija"]
[Black "Domany, Zsofia"]
[Result "0-1"]
[WhiteElo "1857"]
[BlackElo "2215"]
[PlyCount "188"]
[EventDate "2011.09.09"]
[EventType "tourn"]
[EventRounds "10"]
[EventCountry "SRB"]
[SourceTitle "CBM 144 Extra"]
[Source "ChessBase"]
[SourceDate "2011.10.28"]
[SourceVersion "1"]
[SourceVersionDate "2011.10.28"]
[SourceQuality "1"]

1. e4 c5 2. Nf3 Nc6 3. c3 d5 4. exd5 Qxd5 5. d4 e6 6. Bd3 Nf6 7. 0-0 cxd4 8. cxd4 Be7 9. Nc3 Qd6 10. Nb5 Qd8 11. Bf4 Nd5 12. Bg3 a6 13. Nc3 0-0 14. Re1 Nf6 15. h3 b6 16. Rc1 Bb7 17. Bb1 Rc8 18. a3 b5 19. Qd3 g6 20. Qe3 Nh5 21. Bh2 Bf6 22. Ne4 Ne7 23. Nxf6+ Nxf6 24. Be5 Nh5 25. Rxc8 Qxc8 26. g4 Qc6 27. gxh5 Qxf3 28. Qxf3 Bxf3 29. hxg6 hxg6 30. Re3 Bb7 31. Be4 Bxe4 32. Rxe4 Nf5 33. Bf6 Rc8 34. Kg2 Ng7 35. Re2 Nh5 36. Bg5 f6 37. Be3 Kf7 38. Rd2 Ng7 39. d5 exd5 40. Rxd5 Nf5 41. Kf3 Rc2 42. Rd2 Rc4 43. Rd3 Ke6 44. b3 Rc8 45. Bf4 Rh8 46. Kg2 g5 47. Bh2 Rc8 48. Kf3 Rc2 49. Bg3 a5 50. Bb8 Ra2 51. b4 axb4 52. axb4 Rb2 53. Ra3 Rxb4 54. Ra6+ Kf7 55. Ra7+ Kg6 56. Ra6 Nh4+ 57. Ke2 Rb2+ 58. Kf1 Rb3 59. Be5 Rf3 60. Rb6 Rf5 61. Bb2 Nf3 62. Bc3 Kf7 63. Kg2 Nh4+ 64. Kf1 Ng6 65. Kg2 Nf4+ 66. Kh2 Nd3 67. f3 Rxf3 68. Rxb5 Nf4 69. Bb2 Rxh3+ 70. Kg1 Re3 71. Kf2 Re6 72. Kf3 Kg6 73. Kg4 Ng2 74. Bc1 Ne1 75. Bd2 f5+ 76. Kg3 Nd3 77. Rd5 f4+ 78. Kf3 Ne5+ 79. Kf2 Kf5 80. Rd4 Kg4 81. Kg2 Ng6 82. Kf2 Nh4 83. Rd5 Nf5 84. Rd3 Rh6 85. Bc1 Rh2+ 86. Kg1 Ra2 87. Bd2 Nh4 88. Bc3 Nf3+ 89. Kf1 Nh4 90. Bd4 Nf5 91. Bf2 f3 92. Be1 Ng3+ 93. Bxg3 Kxg3 94. Rd1 Rh2 0-1

[Event "Pancevo IM (Women)"]
[Site "Pancevo"]
[Date "2011.09.14"]
[Round "6"]
[White "Domany, Zsofia"]
[Black "Padurariu, Ioana Smaranda"]
[Result "0-1"]
[WhiteElo "2215"]
[BlackElo "2211"]
[PlyCount "92"]
[EventDate "2011.09.09"]
[EventType "tourn"]
[EventRounds "10"]
[EventCountry "SRB"]
[SourceTitle "CBM 144 Extra"]
[Source "ChessBase"]
[SourceDate "2011.10.28"]
[SourceVersion "1"]
[SourceVersionDate "2011.10.28"]
[SourceQuality "1"]

1. e4 c5 2. Ne2 e6 3. Nbc3 a6 4. g3 Nc6 5. Bg2 Nge7 6. d4 cxd4 7. Nxd4 Nxd4 8. Qxd4 Nc6 9. Qd1 Be7 10. Be3 b5 11. 0-0 0-0 12. Qh5 Bb7 13. Rad1 Qc7 14. f4 d6 15. Kh1 Rac8 16. g4 Rfe8 17. Rf3 g6 18. Qh6 Bf8 19. Qh4 Qe7 20. g5 h5 21. Rh3 Na5 22. a3 Nc4 23. Bc1 Bg7 24. b3 Nb6 25. Bb2 Red8 26. Re1 Nd7 27. f5 exf5 28. exf5 Bxg2+ 29. Kxg2 Ne5 30. Nd5 Rxc2+ 31. Kh1 Qd7 32. Bd4 gxf5 33. Rd1 Qc6 34. Be3 Re8 35. Kg1 Ng4 36. Qxh5 Nxe3 37. Rxe3 Rxe3 38. Nxe3 Qc5 39. Qf3 Bd4 40. Rd3 Rc3 41. b4 Bxe3+ 42. Kg2 Qe5 43. Rxc3 Qxc3 44. g6 fxg6 45. Qd5+ Kg7 46. Qxd6 Qd2+ 0-1

[Event "Pancevo IM (Women)"]
[Site "Pancevo"]
[Date "2011.09.12"]
[Round "4"]
[White "Domany, Zsofia"]
[Black "Tadic, Katarina"]
[Result "0-1"]
[WhiteElo "2215"]
[BlackElo "2101"]
[PlyCount "78"]
[EventDate "2011.09.09"]
[EventType "tourn"]
[EventRounds "10"]
[EventCountry "SRB"]
[SourceTitle "CBM 144 Extra"]
[Source "ChessBase"]
[SourceDate "2011.10.28"]
[SourceVersion "1"]
[SourceVersionDate "2011.10.28"]
[SourceQuality "1"]

1. e4 c5 2. Nf3 d6 3. d4 cxd4 4. Nxd4 Nf6 5. Nc3 a6 6. Be3 e5 7. Nb3 Be6 8. f3 Be7 9. Qd2 0-0 10. 0-0-0 a5 11. Bb5 Na6 12. Qf2 Qb8 13. Bb6 Nc7 14. Ba4 Ra6 15. Kb1 Na8 16. Be3 Rc8 17. Bb5 a4 18. Bxa6 axb3 19. Bd3 Rxc3 20. bxc3 bxa2+ 21. Kb2 b5 22. Ra1 d5 23. Bc5 Bd8 24. Rhe1 Nb6 25. Kc1 Na4 26. Kd2 d4 27. Bb4 dxc3+ 28. Ke2 Bb6 29. Qh4 Ba7 30. Ba3 Nb2 31. f4 Qb6 32. Rh1 Qe3+ 33. Kf1 Nxd3 34. Qg3 Qxf4+ 35. Qxf4 Nxf4 36. Bd6 Bc4+ 37. Ke1 Nxg2+ 38. Kd1 Nxe4 39. Rf1 Nxd6 0-1

[Event "Pancevo IM (Women)"]
[Site "Pancevo"]
[Date "2011.09.09"]
[Round "1"]
[White "Padurariu, Ioana Smaranda"]
[Black "Domany, Zsofia"]
[Result "1-0"]
[WhiteElo "2211"]
[BlackElo "2215"]
[PlyCount "89"]
[EventDate "2011.09.09"]
[EventType "tourn"]
[EventRounds "10"]
[EventCountry "SRB"]
[SourceTitle "CBM 144 Extra"]
[Source "ChessBase"]
[SourceDate "2011.10.28"]
[SourceVersion "1"]
[SourceVersionDate "2011.10.28"]
[SourceQuality "1"]

1. e4 c5 2. Nf3 e6 3. d4 cxd4 4. Nxd4 Nf6 5. Nc3 Nc6 6. Ndb5 Bb4 7. a3 Bxc3+ 8. Nxc3 d5 9. exd5 exd5 10. Bd3 0-0 11. 0-0 d4 12. Ne2 Bg4 13. f3 Bh5 14. Bg5 Qd6 15. Qd2 Rfe8 16. Nf4 Bg6 17. Nxg6 hxg6 18. Rad1 Rad8 19. Bh4 Qc5 20. Rfe1 Qb6 21. b3 Qc5 22. b4 Qc3 23. Rxe8+ Rxe8 24. Qxc3 dxc3 25. Be1 Nd5 26. Be4 Ne3 27. Rd7 Ne5 28. Rc7 N5c4 29. Bxc3 Nd6 30. Bd2 Nec4 31. Bf4 Nxe4 32. Rxc4 Nf6 33. Kf2 Nd5 34. Bd2 Re7 35. Rd4 Nc7 36. Rd8+ Kh7 37. c4 Ne6 38. Rd3 g5 39. g3 Kg6 40. Be3 a6 41. Bb6 f6 42. a4 Kf7 43. b5 axb5 44. cxb5 Nc7 45. Bc5 1-0

[Event "Lakitelek Magyarok op"]
[Site "Lakitelek"]
[Date "2011.08.11"]
[Round "7"]
[White "Follert, Iuliu"]
[Black "Domany, Zsofia"]
[Result "1/2-1/2"]
[WhiteElo "2021"]
[BlackElo "2199"]
[PlyCount "68"]
[EventDate "2011.08.06"]
[EventType "swiss"]
[EventRounds "9"]
[EventCountry "HUN"]
[SourceTitle "CBM 144 Extra"]
[Source "ChessBase"]
[SourceDate "2011.10.28"]
[SourceVersion "1"]
[SourceVersionDate "2011.10.28"]
[SourceQuality "1"]

1. d4 d5 2. Nf3 Nf6 3. c4 c6 4. Qc2 e6 5. g3 Be7 6. Bg2 0-0 7. 0-0 Nbd7 8. Nbd2 Re8 9. b3 Bd6 10. Bb2 e5 11. cxd5 cxd5 12. dxe5 Nxe5 13. Nxe5 Bxe5 14. Bxe5 Rxe5 15. Nf3 Bf5 16. Qb2 Re7 17. Rac1 Qd7 18. Rfd1 Rae8 19. e3 Be4 20. Qd4 a6 21. Rc3 h6 22. Rdc1 Qf5 23. Nd2 Bxg2 24. Kxg2 Ne4 25. Nxe4 dxe4 26. Rc5 Qf3+ 27. Kg1 Qe2 28. R5c2 Qg4 29. Rc7 Re5 30. Qd7 Qf3 31. Qd1 Qf5 32. Qd7 Qf3 33. Qd1 Qf5 34. Qd7 Qf3 1/2-1/2